Slovensko by mohlo ponúknuť veľa

Rozhovor s právničkou Zuzanou Števulovou, ktorá ako jediná Slovenka získala cenu International Women of Courag v r. 2015. Postoj Slovákov a oficiálnej politiky k migrácii. Čo treba zmeniť v azylovej politike. Ako sa dajú oddeliť ekonomickí migranti od reálne prenasledovaných. Pomoc Ligy za ľudské pr...

Descrizione completa

Salvato in:
Dettagli Bibliografici
Autore principale: Fričová, Lucia
Altri autori: Števulová, Zuzana
Natura: Capitolo di libro
Lingua:slovacco
Soggetti:
Tags: Aggiungi Tag
Nessun Tag, puoi essere il primo ad aggiungerne!!

MARC

LEADER 00000naa a2200000 4500
001 0221979
005 20231113084034.6
041 0 |a slo 
044 |a SK 
245 1 0 |a Slovensko by mohlo ponúknuť veľa  |c Lucia Fričová, Zuzana Števulová 
520 |a Rozhovor s právničkou Zuzanou Števulovou, ktorá ako jediná Slovenka získala cenu International Women of Courag v r. 2015. Postoj Slovákov a oficiálnej politiky k migrácii. Čo treba zmeniť v azylovej politike. Ako sa dajú oddeliť ekonomickí migranti od reálne prenasledovaných. Pomoc Ligy za ľudské práva. 
610 2 0 |a migrácia nelegálna 
610 2 0 |a imigrácia 
610 2 0 |a politika azylová 
610 2 0 |a práva ľudské 
610 2 0 |a ženy 
610 2 0 |a ceny 
100 1 |a Fričová, Lucia 
700 1 |a Števulová, Zuzana